| 000 | 00442nam a2200145 a 4500 | ||
|---|---|---|---|
| 001 | 000034101 | ||
| 005 | 20200930070756.0 | ||
| 008 | 110923s1984 dr ac 000 0 spa d | ||
| 040 |
_aDO-SdBNP _bspa _cBNPHU |
||
| 082 |
_axxx _bD488s |
||
| 100 | 1 |
_aDeva Goswami, ridhara. _959532 |
|
| 245 | 1 | 0 |
_aSri Guru y su gracia / _cBhakti Raksaka Sridhara Deva Goswami. |
| 260 |
_aSanto Domingo : _bTaller, _c1984. |
||
| 300 |
_a163 p. : _bil., retr. ; _c22 cm. |
||
| 999 |
_c33592 _d33592 |
||